Les 50 Joueurs de Football français ayant la plus haute valeur. - Statistiques

Statistiques générales
  • Ce quiz a été pris 217 fois
  • Le résultat moyen est 36 sur 50
Statistiques - réponses
Joueur Club Poste Valeur % Correct
Kylian Mbappé Real Madrid BU 160M
100%
Aurélien Tchouaméni Real Madrid MC 80M
97%
Bradley Barcola PSG AG 65M
97%
Eduardo Camavinga Real Madrid MC 80M
97%
Khéphren Thuram Juventus Turin MC 35M
97%
Marcus Thuram Inter Milan BU 75M
97%
Ousmane Dembélé PSG AD 55M
97%
Jules Koundé FC Barcelona DD 60M
96%
William Saliba Arsenal FC DC 80M
96%
Theo Hernández AC Milan DG 50M
94%
Lucas Hernández PSG DC 32M
93%
Michael Olise FC Bayern München AD 65M
92%
Ibrahima Konaté Liverpool FC DC 50M
91%
Benjamin Pavard Inter Milan DD 40M
88%
Dayot Upamecano FC Bayern München DC 50M
88%
Mike Maignan AC Milan GK 35M
88%
Warren Zaïre-Emery PSG MC 60M
87%
Antoine Griezmann Atlético Madrid BU 22M
86%
Kingsley Coman FC Bayern München AD 35M
86%
Randal Kolo-Muani Juventus Turin BU 30M
86%
Désiré Doué PSG AG 40M
85%
Christopher Nkunku Chelsea FC AT 50M
84%
Leny Yoro Manchester United DC 55M
83%
Lucas Chevalier LOSC GK 30M
83%
Adrien Rabiot Olympique de Marseille MC 25M
81%
Hugo Ekitiké Eintracht Frankfurt BU 40M
78%
Rayan Cherki Olympique Lyonnais AD 30M
78%
Moussa Diaby Al Ittihad AG 35M
77%
Mattéo Guendouzi Lazio Roma MC 32M
75%
Malo Gusto Chelsea FC DD 35M
74%
Wesley Fofana Chelsea FC DC 30M
71%
Youssouf Fofana AC Milan MC 30M
71%
Boubacar Kamara Aston Villa MDC 38M
66%
Axel Disasi Aston Villa DC 30M
65%
Maghnes Akliouche AS Monaco MOC 40M
65%
Mathys Tel Tottenham BU 30M
65%
Benoît Badiashile Chelsea FC DC 28M
57%
Mohamed Simakan Al Nassr DC 28M
52%
Enzo Millot VfB Stuttgart MOC 42M
50%
Castello Lukeba RB Leipzig DC 50M
49%
Manu Koné AS Roma MC 26M
49%
Loïc Badé Séville FC DC 25M
42%
Pierre Kalulu Juventus Turin DC 26M
42%
Jean-Clair Todibo West Ham DC 32M
37%
Georginio Rutter Brighton BU 32M
33%
Elye Wahi Eintracht Frankfurt BU 25M
31%
Olivier Boscagli PSV Eindhoven DC 27M
30%
Bafodé Diakité LOSC DC 25M
27%
Ayyoub Bouaddi LOSC MC 25M
25%
Lesley Ugochukwu Southampton MC 25M
12%
Aucun quiz correspondant
Distribution des résultats
% des personnes avec chaque résultat
Percentile par nombre de réponses
Votre historique - résultats
Vous n’avez pas pris ce quiz